Statistics for Highest Ranked countries to never play a world cup

Click here to take the quiz!

General Stats

  • This quiz has been taken 17 times
  • The average score is 4 of 10

Answer Stats

World RankingAnswer% Correct
66Albania
69%
21Iceland
69%
58Venezuela
56%
57Panama
50%
60Uzbekistan
44%
62Montenegro
44%
67Armenia
44%
35Burkina Faso
31%
69Mali
25%
70Curacao
6%

Score Distribution

Percentile by Number Answered

Percent of People with Each Score

Your Score History

You have not taken this quiz